Ubat hati [ 8 panduan penyucian hati
| Main Author: | |
|---|---|
| Format: | Book |
| Published: |
Kuala Lumpur :
Telaga Biru Sdn Bhd ,
2005
|
| Subjects: |
MARC
| LEADER | 00000cam a2200000 7i4500 | ||
|---|---|---|---|
| 001 | 0000134067 | ||
| 005 | 20090729.0 | ||
| 090 | 0 | 0 | |a 297.57 |b SIT |
| 100 | 0 | |a Siti Nor Bahyah Mahamood |f Ustazah | |
| 245 | 1 | 0 | |a Ubat hati [ |h cd audio] : |b 8 panduan penyucian hati |c Ustazah Siti Nor Bahyah Mahamood |
| 260 | |a Kuala Lumpur : |b Telaga Biru Sdn Bhd , |c 2005 | ||
| 300 | |a 1 CD audio (63 minutes) | ||
| 500 | |a Library has 1 copy | ||
| 650 | 0 | 0 | |a Muslims |x Conduct of life |
| 650 | 0 | 0 | |a Religious life |x Islam |
| 999 | |a AV 24038 |b CD AUDIO |c PINJAMAN |e PERPUSTAKAAN KOMUNITI PETALING JAYA | ||